Pays les plus dangereux d'Amérique - Statistiques

Statistiques générales
  • Ce quiz a été pris 414 fois
  • Le résultat moyen est 6 sur 10
Statistiques - réponses
Top Pays % Correct
6 Mexique
93%
5 Brésil
92%
7 Colombie
90%
3 Venezuela
77%
2 Honduras
61%
4 Guatemala
57%
8 Belize
40%
9 République Dominicaine
25%
10 Trinité-et-Tobago
16%
1 El Salvador
6%
Aucun quiz correspondant
Distribution des résultats
% des personnes avec chaque résultat
Percentile par nombre de réponses
Votre historique - résultats
Vous n’avez pas pris ce quiz